La Diversidad étnica y cultural de México como asunto de seguridad nacional /
Guardat en:
| Autor principal: | |
|---|---|
| Altres autors: | |
| Format: | Text |
| Matèries: | |
| Etiquetes: |
Afegir etiqueta
Sense etiquetes, Sigues el primer a etiquetar aquest registre!
|
MARC
| LEADER | 00000 a a2200000 04500 | ||
|---|---|---|---|
| 001 | 5323 | ||
| 003 | |||
| 040 | |||
| 100 | |a Pría, Melba | ||
| 245 | |a La Diversidad étnica y cultural de México como asunto de seguridad nacional / |c Melba Pría | ||
| 650 | |a GRUPOS ETNICOS | ||
| 650 | |a PLURALISMO CULTURAL | ||
| 650 | |a SEGURIDAD | ||
| 700 | |a Henríquez, Cristina | ||
| 773 | |g número 302; páginas 49-52 | ||
| 999 | |c 20655 |d 20655 | ||
